000 01426nam a22002057a 4500
005 20210414113905.0
008 111213t xxu||||| |||| 00| 0 eng d
020 _a0030268680
050 _aHB172.5.B38
100 _aBaumol, Wiilaim J.
245 _aMacroeconomics: principles and policy 2001 update /
_cWilliam J.Baumol and Alan S. Blinder
250 _a8th ed.
260 _aNew York:
_bHarcourt;
_c1999.
300 _axxix, 419 p.
_bill;
_c26cm.
500 _aIncludes index.
505 _aContents: What is economics -- The Use and misuse of graphs -- The Economy: Myth and reality -- Scarcity and choice: The Economic problems -- Supply and demand: An Initial look -- The Realm of macroeconomics -- The Goals of macroeconomic policy -- Income and spending: The Powerful consumer -- Demand side equilibrium: Unemployment or inflatioin? -- Change on the demand side: Multiplier analysis -- Supply side equilibrium: Unemployment and inflation -- Managing aggregate demand: Fiscal policy -- Money and the banking system -- Monetary policy and the national economy -- The Debate over monetary policy -- Deficits, monetary policy and growth -- The Phillips curve and economic growth -- International trade and comparative advantage -- The International monetary system: Order or disorder? -- Exchange rates and the macroeconomy -- Glossary.
650 _aMacroeconomics.
700 _aBlinder, Alan S.
942 _2lcc
_cBK
999 _c385
_d7885